MARC details
| 000 -LEADER |
| fixed length control field |
02417nam a22003497a 4500 |
| 001 - CONTROL NUMBER |
| control field |
102215 |
| 003 - CONTROL NUMBER IDENTIFIER |
| control field |
KnowledgeUnlatched |
| 005 - DATE AND TIME OF LATEST TRANSACTION |
| control field |
20210303105143.0 |
| 006 - FIXED-LENGTH DATA ELEMENTS--ADDITIONAL MATERIAL CHARACTERISTICS |
| fixed length control field |
m o d |
| 007 - PHYSICAL DESCRIPTION FIXED FIELD--GENERAL INFORMATION |
| fixed length control field |
cr u|||||||||| |
| 008 - FIXED-LENGTH DATA ELEMENTS--GENERAL INFORMATION |
| fixed length control field |
210129p20192019enk o u00| u eng d |
| 037 ## - SOURCE OF ACQUISITION |
| Institution to which field applies |
BiblioBoard |
| 020 ## - INTERNATIONAL STANDARD BOOK NUMBER |
| International Standard Book Number |
9781786803863 |
| 029 1# - OTHER SYSTEM CONTROL NUMBER (OCLC) |
| OCLC library identifier |
https://library.biblioboard.com/ext/api/media/dc7aac11-bf4a-418a-8079-795febb30e65/assets/thumbnail.jpg |
| 040 ## - CATALOGING SOURCE |
| Original cataloging agency |
ScCtBLL |
| Transcribing agency |
ScCtBLL |
| 100 1# - MAIN ENTRY--PERSONAL NAME |
| Personal name |
Parisot, James |
| Relator term |
author. |
| 245 00 - TITLE STATEMENT |
| Title |
How America Became Capitalist |
| Remainder of title |
Imperial Expansion and the Conquest of the West / |
| Statement of responsibility, etc. |
James Parisot. |
| 264 #1 - PRODUCTION, PUBLICATION, DISTRIBUTION, MANUFACTURE, AND COPYRIGHT NOTICE |
| Name of producer, publisher, distributor, manufacturer |
Pluto Press, |
| 300 ## - PHYSICAL DESCRIPTION |
| Extent |
1 online resource. |
| 506 0# - RESTRICTIONS ON ACCESS NOTE |
| Terms governing access |
Access copy available to the general public. |
| Standardized terminology for access restriction |
Unrestricted |
| Source of term |
star |
| 520 ## - SUMMARY, ETC. |
| Summary, etc. |
In an age of political and economic uncertainty, from the Great Recession to the election of Donald Trump, it is essential to understand the ways capitalism and imperialism are central to the American way of life. The story told in this book brings together a new interpretation of American history beyond mainstream perspectives to chart the ways in which white-settler colonialism pushed expansion on the western frontier of empire, and locates the history through which empire gradually took on a capitalist form. It follows the pathway of expansion from the making of an Atlantic world market through the creation of white colonies in New England and Virginia. From here the book charts the growth of empire across the north and south, highlighting the gendered dynamics of empire-building, and culminates in a discussion of the Civil War and the consolidation of over two centuries of capitalist development explaining how a society with capitalism became a capitalist society. |
| 588 0# - SOURCE OF DESCRIPTION NOTE |
| Source of description note |
Description based on print version record. |
| 590 ## - LOCAL NOTE (RLIN) |
| Local note |
KU Select 2018: HSS Frontlist Books |
| 650 #7 - SUBJECT ADDED ENTRY--TOPICAL TERM |
| Topical term or geographic name entry element |
History / United States / Colonial Period (1600-1775) |
| Source of heading or term |
bisacsh |
| 650 #0 - SUBJECT ADDED ENTRY--TOPICAL TERM |
| Topical term or geographic name entry element |
History |
| 655 #0 - INDEX TERM--GENRE/FORM |
| Genre/form data or focus term |
Electronic books. |
| 758 ## - |
| -- |
Is found in: |
| -- |
Knowledge Unlatched |
| -- |
https://openresearchlibrary.org/module/2774bc74-146a-484f-a7ba-ab1d6a09bbfb |
| 856 40 - ELECTRONIC LOCATION AND ACCESS |
| Uniform Resource Identifier |
<a href="https://openresearchlibrary.org/content/dc7aac11-bf4a-418a-8079-795febb30e65">https://openresearchlibrary.org/content/dc7aac11-bf4a-418a-8079-795febb30e65</a> |
| Public note |
View this content on Open Research Library. |
| -- |
0 |